Anglicko-český česko-anglický slovník

Salvato in:
Dettagli Bibliografici
Natura: Libro
Pubblicazione: Olomouc : FIN, 1998
Edizione:1. vyd
Soggetti:
Tags: Aggiungi Tag
Nessun Tag, puoi essere il primo ad aggiungerne!!

MARC

LEADER 00000nam a22000003a 4500
001 stu89737
005 20150408175153.0
008 040830s1998----xr----------------------d
020 |a 80-86002-41-1 
040 |a STU  |b slo 
041 0
044 |a xr 
080 |a 801.323.2=20=850=20 
245 |a Anglicko-český česko-anglický slovník 
250 |a 1. vyd 
260 |a Olomouc :  |b FIN,  |c 1998 
300 |a 1311 s 
650 7 |a slovníky anglicko české  |2 stusub 
996 |b 284M080397  |c M*10095-1  |l MMKN  |s A  |a 24  |w stu89737_0001